Taboo and genetics (Record no. 87222)

MARC details
000 -LEADER
campo de control de longitud fija 00769nam a2200229 i 4500
001 - NÚMERO DE CONTROL
campo de control 87222
003 - IDENTIFICADOR DE NÚMERO DE CONTROL
campo de control ES-MaACL
005 - FECHA Y HORA DE LA ÚLTIMA TRANSACCIÓN
campo de control 20250822035136.0
007 - CAMPO FIJO DE DESCRIPCIÓN FÍSICA--INFORMACIÓN GENERAL
campo de control de longitud fija t|
008 - DATOS DE LONGITUD FIJA--INFORMACIÓN GENERAL
campo de control de longitud fija 041220s1921 xxk ||||1| eng d
100 1# - ENTRADA PRINCIPAL--NOMBRE DE PERSONA
Nombre de persona Knight, M. M.
9 (RLIN) 68347
245 10 - MENCIÓN DEL TÍTULO
Título Taboo and genetics
Resto del título : a study of th biological and psychological foundation of the family /
Mención de responsabilidad, etc. by M.M. Knight, Iva Louther Peters, Phyllis Blanchard.
260 ## - PUBLICACIÓN, DISTRIBUCIÓN, ETC.
Lugar de publicación, distribución, etc. London :
Nombre del editor, distribuidor, etc. Kegan Paul, French Trubner & Co.,
Fecha de publicación, distribución, etc. 1921.
300 ## - DESCRIPCIÓN FÍSICA
Extensión XVI, 256 p. ;
Dimensiones 22 cm.
650 04 - PUNTO DE ACCESO ADICIONAL DE MATERIA--TÉRMINO DE MATERIA
Término de materia o nombre geográfico como elemento de entrada Tabúes.
9 (RLIN) 17276
650 #7 - PUNTO DE ACCESO ADICIONAL DE MATERIA--TÉRMINO DE MATERIA
Término de materia o nombre geográfico como elemento de entrada Psicología sexual
Fuente del encabezamiento o término embne
9 (RLIN) 16572
650 #4 - PUNTO DE ACCESO ADICIONAL DE MATERIA--TÉRMINO DE MATERIA
Término de materia o nombre geográfico como elemento de entrada Sexualidad.
9 (RLIN) 17078
700 1# - ENTRADA AGREGADA--NOMBRE PERSONAL
Nombre de persona Peters, Iva Louther.
9 (RLIN) 91472
700 1# - ENTRADA AGREGADA--NOMBRE PERSONAL
Nombre de persona Blanchard, Phyllis.
9 (RLIN) 29143
852 ## - LOCALIZACIÓN
Ubicación ES-MaACL
Número de control de estantería F-4849
Holdings
Estatus retirado Estado de pérdida Estado de daño No para préstamo Biblioteca de origen Biblioteca actual Ubicación en estantería Fecha de adquisición Fuente de adquisición Total de préstamos Signatura topográfica completa Código de barras Visto por última vez Precio de reemplazo Tipo de ítem Koha
        Biblioteca del Ateneo de Madrid Biblioteca del Ateneo de Madrid Depósito 2 17/01/2008     F-4849 1091128 23/02/2023 23/02/2023 Libro impreso